[Event "Elite Hotels Open 2019"]
[Site "Vaxjo"]
[Date "2019.02.09"]
[Round "6.16"]
[White "Ask, Josef"]
[Black "Attefall, Fredrik"]
[Result "1/2-1/2"]
[WhiteElo "2164"]
[BlackElo "1993"]
[Annotator "NA"]
[PlyCount "31"]
[EventDate "2019.02.08"]
[EventType "swiss"]
[EventCountry "SWE"]
[SourceTitle "playchess.com"]
[Source "ChessBase"]
[SourceQuality "1"]
[TimeControl "5400+30"]

1. e4 {[%emt 0:00:00]} e5 {[%emt 0:00:00]} 2. Nf3 {[%emt 0:00:00]} Nf6 {[%emt 0:00:00]} 3. Nxe5 d6 {[%emt 0:00:00]} 4. Nf3 {[%emt 0:00:04]} Nxe4 {[%emt 0:00:00]} 5. Nc3 {[%emt 0:00:09]} Nxc3 {[%emt 0:00:21]} 6. dxc3 {[%emt 0:00:11]} Be7 {[%emt 0:02:34]} 7. Bf4 {[%emt 0:00:21]} Nc6 {[%emt 0:01:11]} 8. Qd2 {[%emt 0:00:24]} Be6 {[%emt 0:00:21]} 9. O-O-O {[%emt 0:00:32]} Qd7 {[%emt 0:01:16]} 10. Kb1 {[%emt 0:00:31]} a6 {[%emt 0:00:25]} 11. h4 {[%emt 0:02:18]} O-O-O {[%emt 0:02:21]} 12. g3 {[%emt 0:01:42]} Bf6 {[%emt 0:04:37]} 13. Bg2 {[%emt 0:00:55]} Rhe8 {[%emt 0:04:37]} 14. Ng5 {[%emt 0:06:01]} Bxg5 {[%emt 0:08:38]} 15. hxg5 {[%emt 0:00:28]} Bf5 {[%emt 0:00:48]} 16. Rhe1 1/2-1/2

[Event "Elite Hotels Open 2019"]
[Site "Vaxjo"]
[Date "2019.02.10"]
[Round "7.1"]
[White "Hillarp Persson, Tiger"]
[Black "Gritsak, Orest"]
[Result "1/2-1/2"]
[WhiteElo "2558"]
[BlackElo "2466"]
[Annotator "TA"]
[PlyCount "30"]
[EventDate "2019.02.08"]
[EventType "swiss"]
[EventCountry "SWE"]
[SourceTitle "playchess.com"]
[Source "ChessBase"]
[SourceQuality "1"]

{[%evp 9,30,0,-9,-14,-2,-12,-7,-18,-22,-25,-29,-10,-7,-13,-13,-25,-7,-16,-6,-27,0,-12,-17]} 1. Nf3 d5 2. g3 g6 3. c4 dxc4 4. Na3 Bg7 5. Nxc4 Nc6 6. d3 {A09: Réti Opening: 1 Nf3 d5 2 c4} e5 7. Bd2 a5 8. Bg2 Nge7 9. O-O O-O 10. Bc3 {[%cal Rf3e5]} f6 11. b3 Be6 12. Rc1 Qd7 13. a3 $146 ({Predecessor:} 13. Qc2 b5 14. Ncd2 a4 15. Ne4 axb3 16. axb3 {½-½ (101) Petrosian,T (2611)-Carlsen,M (2851) chess.com INT 2016}) 13... Rfd8 14. Ba1 b6 15. Ncd2 Rac8 {Accuracy: White = 36%, Black = 48%.} 1/2-1/2

[Event "Elite Hotels Open 2019"]
[Site "Vaxjo"]
[Date "2019.02.10"]
[Round "7.2"]
[White "Jepson, Christian"]
[Black "Blomqvist, Erik"]
[Result "1/2-1/2"]
[WhiteElo "2389"]
[BlackElo "2483"]
[Annotator "TA"]
[PlyCount "44"]
[EventDate "2019.02.08"]
[EventType "swiss"]
[EventCountry "SWE"]
[SourceTitle "playchess.com"]
[Source "ChessBase"]
[SourceQuality "1"]

{[%evp 25,44,0,14,0,42,43,55,-14,-7,-16,-9,-10,-12,-8,0,-7,-5,-6,-10,-6,-6]} 1. d4 Nf6 2. Nf3 e6 3. c4 Bb4+ 4. Bd2 Bxd2+ 5. Qxd2 d5 6. Nc3 O-O 7. e3 Qe7 8. Bd3 dxc4 9. Bxc4 c5 10. O-O Rd8 11. Qe2 cxd4 12. exd4 Nc6 13. Rad1 Bd7 14. Ne5 {E11: Bogo-Indian} (14. Rfe1 Rac8 15. a3 Be8 16. Ba2 Qc7 17. d5 exd5 18. Nxd5 Nxd5 19. Bxd5 Kf8 20. Qe4 g6 21. Qe3 Kg7 {1-0 (50) Indjic,A (2519)-Sedlak,N (2577) Vrnjacka Banja 2013}) 14... Be8 15. Nxc6 bxc6 16. d5 (16. Na4 $14) 16... cxd5 $11 {[#]The position is equal.} 17. Nxd5 $1 {[%mdl 512]} Nxd5 {[#]} ({Not} 17... Rxd5 $2 18. Bxd5 Bb5 19. Qxb5 $18) 18. Rxd5 $146 {[%mdl 512]} ({Predecessor:} 18. Bxd5 Rab8 19. Bc4 Rxd1 20. Rxd1 Rd8 21. h3 g6 {1-0 (50) Shalimov,V (2400)-Katuzian,V (2283) Kharkov 2000}) 18... Rxd5 19. Bxd5 Rd8 20. Rd1 Qf6 21. Bb3 Rxd1+ 22. Bxd1 Qd4 1/2-1/2

[Event "Elite Hotels Open 2019"]
[Site "Vaxjo"]
[Date "2019.02.10"]
[Round "7.3"]
[White "Golubka, Petro"]
[Black "Lindberg, Bengt"]
[Result "1/2-1/2"]
[WhiteElo "2471"]
[BlackElo "2377"]
[Annotator "TA"]
[PlyCount "86"]
[EventDate "2019.02.08"]
[EventType "swiss"]
[EventCountry "SWE"]
[SourceTitle "playchess.com"]
[Source "ChessBase"]
[SourceQuality "1"]

{[%evp 9,86,28,29,22,26,30,23,20,21,17,27,21,25,12,14,0,0,0,0,0,27,29,20,15,29,18,10,10,15,10,10,-49,-43,-41,-45,-41,-43,-49,-38,-27,0,0,0,0,0,0,0,-22,0,0,0,0,0,0,0,0,0,0,0,0,0,0,0,0,0,-37,-32,-35,-32,-34,0,-38,0,-25,0,-35,0,-29,0]} 1. d4 Nf6 2. c4 e6 3. Nf3 b6 4. a3 Ba6 5. Qb3 d5 6. cxd5 {E12: Queen's Indian: Unusual White 4th moves, 4 a3, 4 Nc3 Bb7 5 a3 and 4 Nc3 Bb7} exd5 7. Bg5 (7. Nc3 Be7 8. g3 O-O 9. Bg2 Bb7 10. O-O Nbd7 11. Nh4 g6 12. Bf4 c5 13. Nf3 cxd4 14. Nxd4 {½-½ (64) Bukavshin,I (2657)-Bocharov,D (2558) Khanty-Mansiysk 2015}) 7... Be7 8. Bxf6 {White has an edge.} Bxf6 9. Nc3 Bb7 $146 ({Predecessor:} 9... Bc4 10. Qc2 O-O 11. O-O-O c5 12. e3 Bxf1 13. Rhxf1 Na6 {½-½ (50) Barlov,D (2490)-Maksimovic,B (2425) Yugoslavia 1989}) 10. e3 O-O 11. Be2 Re8 12. O-O c6 13. Rfe1 Na6 14. g3 c5 15. Bxa6 Bxa6 16. Qxd5 Qe7 17. Qf5 g6 18. Qf4 Bb7 19. Rad1 Rad8 20. Ne5 ({Better is} 20. dxc5 $11 Bxc3 21. bxc3) 20... Bg5 $15 {[%mdl 1024] Black has compensation.} 21. Qg4 f6 {And now ...cxd4 would win.} 22. Nd3 h5 23. Qh3 Bf3 24. Rb1 Qd7 25. Qxd7 Rxd7 26. Ne2 Bh6 27. Kf1 Kf7 28. a4 a5 (28... h4 {feels hotter.} 29. Rbc1 hxg3 30. hxg3 Red8 31. b4 cxd4 32. Nxd4 Rxd4 33. exd4 Bxc1 34. Rxc1 Rxd4 35. Ne1 Bd5) 29. b3 Bxe2+ 30. Rxe2 cxd4 31. exd4 Rxd4 32. Rxe8 Kxe8 $11 {[%mdl 4096] Endgame KRB-KRN} 33. Ke2 Kd7 34. f4 Bg7 35. b4 {[#] Black must now prevent bxa5.} axb4 36. f5 gxf5 37. Nxb4 Bh6 38. Nd3 Re4+ 39. Kf1 Rd4 40. Ke2 Re4+ 41. Kf1 Rd4 42. Ke2 Re4+ 43. Kf1 Rd4 {Accuracy: White = 76%, Black = 66%.} 1/2-1/2

[Event "Elite Hotels Open 2019"]
[Site "Vaxjo"]
[Date "2019.02.10"]
[Round "7.4"]
[White "Cramling, Pia"]
[Black "Bellon Lopez, Juan Manuel"]
[Result "1/2-1/2"]
[WhiteElo "2462"]
[BlackElo "2336"]
[Annotator "TA"]
[PlyCount "21"]
[EventDate "2019.02.08"]
[EventType "swiss"]
[EventCountry "SWE"]
[SourceTitle "playchess.com"]
[Source "ChessBase"]
[SourceQuality "1"]

{[%evp 20,21,22,0]} 1. Nf3 d5 2. d4 Nf6 3. c4 c6 4. Nc3 dxc4 5. a4 Bf5 6. Nh4 $146 ({Predecessor:} 6. e3 e6 7. Bxc4 Bb4 8. O-O O-O 9. Qe2 Nbd7 10. e4 Bg6 11. Bd3 h6 12. Rd1 a6 13. Bf4 Qe7 14. h3 Rac8 15. Rac1 c5 16. e5 Bxd3 17. Qxd3 Bxc3 18. exf6 Qxf6 19. Bd6 Bxb2 20. Rc2 Bxd4 21. Bxf8 Rxf8 22. Nxd4 cxd4 23. Qxd4 Qxd4 24. Rxd4 {½-½ (37) Korobov,A (2699)-Bareev,E (2650) Wijk aan Zee 2019}) 6... Bc8 7. Nf3 Bf5 8. Nh4 Bc8 9. Nf3 Bf5 10. Nh4 Bc8 11. Nf3 1/2-1/2

[Event "Elite Hotels Open 2019"]
[Site "Vaxjo"]
[Date "2019.02.10"]
[Round "7.5"]
[White "Seo, Jung Min"]
[Black "Burwick, Malte"]
[Result "1-0"]
[WhiteElo "2368"]
[BlackElo "2247"]
[Annotator "NA"]
[PlyCount "81"]
[EventDate "2019.02.08"]
[EventType "swiss"]
[EventCountry "SWE"]
[SourceTitle "playchess.com"]
[Source "ChessBase"]
[SourceQuality "1"]
[TimeControl "5400+30"]

1. c4 {[%emt 0:00:00]} g6 {[%emt 0:02:01]} 2. g3 {[%emt 0:00:00]} Bg7 {[%emt 0:00:08]} 3. Bg2 {[%emt 0:00:00]} d6 {[%emt 0:01:09]} 4. Nc3 {[%emt 0:00:20]} e5 {[%emt 0:04:27]} 5. d3 {[%emt 0:00:42]} f5 {[%emt 0:03:40]} 6. e3 {[%emt 0:01:12]} Nf6 {[%emt 0:01:18]} 7. Nge2 {[%emt 0:00:35]} O-O {[%emt 0:00:55]} 8. O-O {[%emt 0:00:16]} Nc6 {[%emt 0:08:40]} 9. Rb1 {[%emt 0:11:24]} a5 {[%emt 0:05:23]} 10. a3 {[%emt 0:00:25]} g5 {[%emt 0:01:33]} 11. b4 {[%emt 0:11:15]} axb4 {[%emt 0:00:20]} 12. axb4 {[%emt 0:00:01]} Kh8 {[%emt 0:03:27]} 13. Nd5 {[%emt 0:04:17]} Nxd5 {[%emt 0:07:21]} 14. cxd5 {[%emt 0:00:10]} Ne7 {[%emt 0:00:13]} 15. f4 {[%emt 0:02:20]} Ng6 {[%emt 0:05:23]} 16. Qc2 {[%emt 0:06:29]} Rf7 {[%emt 0:05:19]} 17. Bd2 {[%emt 0:04:30]} gxf4 {[%emt 0:12:34]} 18. exf4 {[%emt 0:01:26]} Qg8 {[%emt 0:02:32]} 19. b5 {[%emt 0:08:09]} b6 {[%emt 0:00:57]} 20. fxe5 {[%emt 0:00:55]} Bxe5 {[%emt 0:00:56]} 21. Kh1 {[%emt 0:03:59]} Bb7 {[%emt 0:08:46]} 22. d4 {[%emt 0:01:35]} Bg7 {[%emt 0:00:08]} 23. Qc4 {[%emt 0:08:10]} h5 {[%emt 0:12:12]} 24. Bg5 {[%emt 0:01:57]} Qh7 {[%emt 0:01:30]} 25. Qd3 {[%emt 0:01:19]} Re8 {[%emt 0:06:27]} 26. Rbe1 {[%emt 0:01:50]} h4 {[%emt 0:01:21]} 27. Nf4 {[%emt 0:01:57]} Rxe1 {[%emt 0:00:08]} 28. Rxe1 {[%emt 0:00:01]} Nxf4 {[%emt 0:00:10]} 29. gxf4 {[%emt 0:02:17]} Qg8 {[%emt 0:02:28]} 30. Qh3 {[%emt 0:02:14]} Qa8 {[%emt 0:01:57]} 31. Qf3 {[%emt 0:02:31]} Kg8 {[%emt 0:00:11]} 32. Bxh4 {[%emt 0:00:25]} Bxd4 {[%emt 0:00:14]} 33. Bg5 {[%emt 0:01:07]} Rg7 {[%emt 0:01:36]} 34. h4 {[%emt 0:00:15]} Rh7 {[%emt 0:00:20]} 35. Kh2 {[%emt 0:01:01]} Rf7 {[%emt 0:00:54]} 36. Re6 {[%emt 0:00:29]} Qa1 {[%emt 0:00:13]} 37. Qh5 {[%emt 0:02:11]} Bg1+ {[%emt 0:01:01]} 38. Kh3 {[%emt 0:00:18]} Qc3+ {[%emt 0:00:34]} 39. Bf3 {[%emt 0:01:29]} Bc5 {[%emt 0:00:33]} 40. Re8+ {[%emt 0:00:30]} Rf8 {[%emt 0:00:01]} 41. Qg6+ {[%emt 0:00:07]} 1-0

[Event "Elite Hotels Open 2019"]
[Site "Vaxjo"]
[Date "2019.02.10"]
[Round "7.6"]
[White "Walinder, Lars"]
[Black "Barkhagen, Jonas"]
[Result "1-0"]
[WhiteElo "2245"]
[BlackElo "2429"]
[Annotator "NA"]
[PlyCount "73"]
[EventDate "2019.02.08"]
[EventType "swiss"]
[EventCountry "SWE"]
[SourceTitle "playchess.com"]
[Source "ChessBase"]
[SourceQuality "1"]
[TimeControl "5400+30"]

1. c4 {[%emt 0:01:17]} e5 {[%emt 0:01:06]} 2. Nc3 {[%emt 0:00:30]} Nf6 {[%emt 0:00:56]} 3. Nf3 {[%emt 0:00:27]} d6 {[%emt 0:00:19]} 4. d4 {[%emt 0:02:15]} Nbd7 {[%emt 0:00:06]} 5. e4 {[%emt 0:01:25]} g6 {[%emt 0:02:57]} 6. Be2 {[%emt 0:00:30]} Bg7 {[%emt 0:00:11]} 7. O-O {[%emt 0:00:15]} O-O {[%emt 0:00:06]} 8. d5 {[%emt 0:01:11]} Nc5 {[%emt 0:01:51]} 9. Qc2 {[%emt 0:02:32]} a5 {[%emt 0:00:07]} 10. Bg5 {[%emt 0:00:37]} h6 {[%emt 0:01:53]} 11. Be3 {[%emt 0:00:12]} Ng4 {[%emt 0:06:08]} 12. Bxc5 {[%emt 0:00:32]} dxc5 {[%emt 0:00:30]} 13. h3 {[%emt 0:00:08]} Nf6 {[%emt 0:00:12]} 14. Nxe5 {[%emt 0:00:30]} Nxd5 {[%emt 0:00:25]} 15. cxd5 {[%emt 0:04:16]} Bxe5 {[%emt 0:00:07]} 16. f4 {[%emt 0:00:39]} Bd4+ {[%emt 0:02:16]} 17. Kh2 {[%emt 0:04:20]} g5 {[%emt 0:14:47]} 18. Nb5 {[%emt 0:18:18]} Be3 {[%emt 0:12:45]} 19. fxg5 {[%emt 0:07:35]} Qxg5 {[%emt 0:02:13]} 20. Rf3 {[%emt 0:06:23]} Bf4+ {[%emt 0:01:26]} 21. Kh1 {[%emt 0:02:43]} Ra6 {[%emt 0:07:11]} 22. Raf1 {[%emt 0:03:26]} Rg6 {[%emt 0:00:49]} 23. Bc4 {[%emt 0:01:11]} Bd6 {[%emt 0:05:42]} 24. Nxd6 {[%emt 0:29:43]} cxd6 {[%emt 0:00:28]} 25. e5 {[%emt 0:00:52]} dxe5 {[%emt 0:01:10]} 26. d6 {[%emt 0:01:14]} Be6 {[%emt 0:06:43]} 27. Bxe6 {[%emt 0:01:41]} Rxe6 {[%emt 0:00:05]} 28. Qb3 {[%emt 0:05:30]} Rg6 {[%emt 0:15:17]} 29. R1f2 {[%emt 0:00:09]} Rg7 {[%emt 0:00:09]} 30. Qxb7 {[%emt 0:00:56]} Qc1+ {[%emt 0:00:14]} 31. Kh2 {[%emt 0:00:24]} Qd1 {[%emt 0:00:05]} 32. Rf6 {[%emt 0:00:55]} Qd4 {[%emt 0:00:22]} 33. Qe7 {[%emt 0:01:08]} e4 {[%emt 0:02:26]} 34. d7 {[%emt 0:01:15]} e3 {[%emt 0:01:10]} 35. Rxf7 {[%emt 0:01:04]} exf2 {[%emt 0:01:24]} 36. Rxf8+ {[%emt 0:01:09]} Kh7 {[%emt 0:00:09]} 37. d8=Q {[%emt 0:00:10]} 1-0

[Event "Elite Hotels Open 2019"]
[Site "Vaxjo"]
[Date "2019.02.10"]
[Round "7.7"]
[White "Brynell, Stellan"]
[Black "Jogstad, Daniel"]
[Result "1/2-1/2"]
[WhiteElo "2400"]
[BlackElo "2127"]
[Annotator "NA"]
[PlyCount "101"]
[EventDate "2019.02.08"]
[EventType "swiss"]
[EventCountry "SWE"]
[SourceTitle "playchess.com"]
[Source "ChessBase"]
[SourceQuality "1"]
[TimeControl "5400+30"]

1. d4 {[%emt 0:00:00]} Nf6 {[%emt 0:00:00]} 2. c4 {[%emt 0:00:00]} g6 {[%emt 0:00:00]} 3. g3 {[%emt 0:00:14]} Bg7 {[%emt 0:00:00]} 4. Bg2 {[%emt 0:00:03]} O-O {[%emt 0:00:00]} 5. Nc3 {[%emt 0:00:04]} d6 {[%emt 0:00:00]} 6. Nf3 {[%emt 0:00:06]} c6 {[%emt 0:00:00]} 7. O-O {[%emt 0:00:10]} Qa5 {[%emt 0:00:03]} 8. e4 {[%emt 0:00:37]} Bg4 {[%emt 0:00:05]} 9. h3 {[%emt 0:01:42]} Bxf3 {[%emt 0:00:04]} 10. Bxf3 {[%emt 0:01:01]} e5 {[%emt 0:00:17]} 11. d5 {[%emt 0:03:16]} cxd5 {[%emt 0:00:05]} 12. cxd5 {[%emt 0:00:35]} Rc8 {[%emt 0:00:05]} 13. Bd2 {[%emt 0:05:46]} Nbd7 {[%emt 0:02:08]} 14. Qe2 {[%emt 0:04:17]} Qd8 {[%emt 0:12:20]} 15. Rfc1 {[%emt 0:01:43]} a6 {[%emt 0:05:45]} 16. Be3 {[%emt 0:15:25]} b5 {[%emt 0:03:06]} 17. Qd2 {[%emt 0:05:35]} Nb6 {[%emt 0:01:57]} 18. b3 {[%emt 0:00:19]} Nfd7 {[%emt 0:03:03]} 19. Bg4 {[%emt 0:05:15]} Rc7 {[%emt 0:02:55]} 20. h4 {[%emt 0:00:50]} Qf8 {[%emt 0:01:09]} 21. a4 {[%emt 0:05:56]} f5 {[%emt 0:03:11]} 22. Bd1 {[%emt 0:05:46]} f4 {[%emt 0:06:11]} 23. Bxb6 {[%emt 0:04:29]} Nxb6 {[%emt 0:00:05]} 24. g4 {[%emt 0:00:19]} Qe7 {[%emt 0:03:25]} 25. axb5 {[%emt 0:00:47]} Qxh4 {[%emt 0:00:45]} 26. Bf3 {[%emt 0:02:59]} h5 {[%emt 0:02:27]} 27. gxh5 {[%emt 0:00:17]} gxh5 {[%emt 0:00:16]} 28. Kf1 {[%emt 0:00:44]} Qh3+ {[%emt 0:02:20]} 29. Ke2 {[%emt 0:00:22]} Qc8 {[%emt 0:00:05]} 30. Bxh5 {[%emt 0:08:04]} axb5 {[%emt 0:01:18]} 31. Rxa8 {[%emt 0:06:52]} Nxa8 {[%emt 0:03:08]} 32. Na2 {[%emt 0:00:42]} Rxc1 {[%emt 0:00:03]} 33. Qxc1 {[%emt 0:00:26]} Qxc1 {[%emt 0:00:11]} 34. Nxc1 {[%emt 0:00:02]} Nc7 {[%emt 0:21:32]} 35. Kd2 {[%emt 0:01:49]} Bf6 {[%emt 0:00:13]} 36. Kc3 {[%emt 0:01:01]} Bh4 {[%emt 0:00:04]} 37. Nd3 {[%emt 0:00:05]} Na6 {[%emt 0:00:09]} 38. b4 {[%emt 0:07:22]} Kf8 {[%emt 0:02:57]} 39. Kd2 {[%emt 0:00:15]} Bd8 {[%emt 0:01:07]} 40. Bg4 {[%emt 0:00:06]} Ke7 {[%emt 0:04:22]} 41. Bc8 {[%emt 0:00:47]} Nb8 {[%emt 0:00:24]} 42. Ke2 {[%emt 0:01:21]} Bb6 {[%emt 0:00:17]} 43. Kf3 {[%emt 0:01:25]} Kd8 {[%emt 0:00:25]} 44. Bh3 {[%emt 0:00:28]} Bd4 {[%emt 0:01:07]} 45. Ne1 {[%emt 0:06:02]} Kc7 {[%emt 0:01:23]} 46. Nc2 {[%emt 0:00:09]} Bc3 {[%emt 0:02:31]} 47. Bf1 {[%emt 0:00:15]} Kb6 {[%emt 0:03:25]} 48. Na3 {[%emt 0:00:50]} Bxb4 {[%emt 0:00:07]} 49. Nxb5 {[%emt 0:00:05]} Na6 {[%emt 0:01:05]} 50. Kg4 {[%emt 0:00:23]} Nc7 {[%emt 0:00:07]} 51. Nxc7 {[%emt 0:00:06]} 1/2-1/2

[Event "Elite Hotels Open 2019"]
[Site "Vaxjo"]
[Date "2019.02.10"]
[Round "7.8"]
[White "Kucuksari, Kaan"]
[Black "Nilsson, Patrik 1978"]
[Result "0-1"]
[WhiteElo "2301"]
[BlackElo "2169"]
[Annotator "NA"]
[PlyCount "112"]
[EventDate "2019.02.08"]
[EventType "swiss"]
[EventCountry "SWE"]
[SourceTitle "playchess.com"]
[Source "ChessBase"]
[SourceQuality "1"]
[TimeControl "5400+30"]

1. d4 {[%emt 0:00:00]} f5 {[%emt 0:00:00]} 2. Nf3 {[%emt 0:00:00]} Nf6 {[%emt 0:00:00]} 3. g3 {[%emt 0:00:00]} g6 {[%emt 0:00:04]} 4. Bg2 {[%emt 0:00:00]} Bg7 {[%emt 0:00:23]} 5. O-O {[%emt 0:00:00]} d6 {[%emt 0:00:09]} 6. c4 {[%emt 0:00:09]} O-O {[%emt 0:00:09]} 7. Nc3 {[%emt 0:00:13]} Qe8 {[%emt 0:00:07]} 8. Nd5 {[%emt 0:00:23]} Nxd5 {[%emt 0:02:47]} 9. cxd5 {[%emt 0:00:05]} Nd7 {[%emt 0:00:22]} 10. Qc2 {[%emt 0:00:06]} Nf6 {[%emt 0:06:00]} 11. Ng5 {[%emt 0:01:25]} h6 {[%emt 0:09:20]} 12. Ne6 {[%emt 0:00:03]} Bxe6 {[%emt 0:00:17]} 13. dxe6 {[%emt 0:00:03]} c6 {[%emt 0:00:10]} 14. e4 {[%emt 0:12:08]} fxe4 {[%emt 0:03:17]} 15. Bxe4 {[%emt 0:00:03]} Nxe4 {[%emt 0:00:20]} 16. Qxe4 {[%emt 0:00:04]} d5 {[%emt 0:00:43]} 17. Qg4 {[%emt 0:01:19]} Kh7 {[%emt 0:04:43]} 18. Qh4 {[%emt 0:10:04]} Rf6 {[%emt 0:08:54]} 19. Re1 {[%emt 0:03:36]} Qg8 {[%emt 0:03:00]} 20. g4 {[%emt 0:02:09]} g5 {[%emt 0:08:18]} 21. Bxg5 {[%emt 0:01:57]} Rxe6 {[%emt 0:00:17]} 22. Bd2 {[%emt 0:14:30]} Re8 {[%emt 0:05:43]} 23. Rxe6 {[%emt 0:11:55]} Qxe6 {[%emt 0:00:25]} 24. Re1 {[%emt 0:00:19]} Qg6 {[%emt 0:01:53]} 25. g5 {[%emt 0:00:48]} Bf6 {[%emt 0:04:15]} 26. f4 {[%emt 0:07:19]} Bxd4+ {[%emt 0:03:30]} 27. Kh1 {[%emt 0:00:11]} Bg7 {[%emt 0:05:16]} 28. Qh3 {[%emt 0:12:33]} e6 {[%emt 0:03:47]} 29. Bc3 {[%emt 0:10:46]} d4 {[%emt 0:11:44]} 30. gxh6 {[%emt 0:02:49]} Bf6 {[%emt 0:04:02]} 31. f5 {[%emt 0:04:23]} Qxh6 {[%emt 0:06:00]} 32. Qxh6+ {[%emt 0:00:25]} Kxh6 {[%emt 0:00:05]} 33. Bd2+ {[%emt 0:00:11]} Kh5 {[%emt 0:01:06]} 34. fxe6 {[%emt 0:00:22]} Kg6 {[%emt 0:00:54]} 35. Kg2 {[%emt 0:02:16]} Kf5 {[%emt 0:00:26]} 36. Kf3 {[%emt 0:00:16]} Rxe6 {[%emt 0:00:21]} 37. Rxe6 {[%emt 0:00:28]} Kxe6 {[%emt 0:00:08]} 38. Ke4 {[%emt 0:00:01]} c5 {[%emt 0:00:24]} 39. b4 {[%emt 0:05:37]} c4 {[%emt 0:00:46]} 40. b5 {[%emt 0:00:21]} d3 {[%emt 0:00:43]} 41. Be3 {[%emt 0:00:39]} a6 {[%emt 0:01:47]} 42. bxa6 {[%emt 0:00:17]} bxa6 {[%emt 0:00:05]} 43. Bd2 {[%emt 0:00:27]} c3 {[%emt 0:01:44]} 44. Bxc3 {[%emt 0:00:03]} Bxc3 {[%emt 0:00:08]} 45. Kxd3 {[%emt 0:00:03]} Be5 {[%emt 0:00:39]} 46. h3 {[%emt 0:00:23]} Kd5 {[%emt 0:00:03]} 47. h4 {[%emt 0:00:12]} Bf6 {[%emt 0:00:36]} 48. h5 {[%emt 0:00:08]} Bg7 {[%emt 0:00:04]} 49. Ke2 {[%emt 0:01:00]} Kc4 {[%emt 0:00:09]} 50. Kd2 {[%emt 0:00:07]} Kb4 {[%emt 0:00:20]} 51. Kd3 {[%emt 0:00:28]} a5 {[%emt 0:00:29]} 52. Kc2 {[%emt 0:00:23]} Ka3 {[%emt 0:00:25]} 53. Kb1 {[%emt 0:00:05]} a4 {[%emt 0:00:19]} 54. h6 {[%emt 0:00:21]} Bxh6 {[%emt 0:00:09]} 55. Ka1 {[%emt 0:00:03]} Bg7+ {[%emt 0:00:06]} 56. Kb1 {[%emt 0:00:03]} Bh8 {[%emt 0:00:07]} 0-1

[Event "Elite Hotels Open 2019"]
[Site "Vaxjo"]
[Date "2019.02.10"]
[Round "7.9"]
[White "Ivarsson, Torbjorn"]
[Black "Westerberg, Jonathan"]
[Result "0-1"]
[WhiteElo "2119"]
[BlackElo "2544"]
[Annotator "TA"]
[PlyCount "46"]
[EventDate "2019.02.08"]
[EventType "swiss"]
[EventCountry "SWE"]
[SourceTitle "playchess.com"]
[Source "ChessBase"]
[SourceQuality "1"]

{[%evp 9,46,-1,23,-20,-8,-15,-19,-25,-34,-22,-27,-27,-35,-44,-42,-52,-39,-77,-70,-68,-58,-61,-54,-58,-45,-56,-55,-62,-29,-37,-33,-151,-148,-154,-154,-203,-188,-362,-368]} 1. d4 Nf6 2. Bf4 c5 3. e3 Qb6 4. Nc3 d6 (4... a6 5. Bc4 cxd4 6. exd4 e6 7. Nge2 d5 8. Bb3 Bd7 9. O-O Be7 10. Qe1 O-O 11. Rd1 Nc6 {1-0 (23) Aronian,L (2767)-Giri,A (2782) chess.com INT 2018}) 5. dxc5 Qxc5 6. Bb5+ {A45: Trompowsky Attack} Bd7 7. Qd3 $146 ({Predecessor:} 7. Bxd7+ Nbxd7 8. Nge2 g6 9. O-O Bg7 10. e4 O-O 11. Be3 Qb4 {0-1 (95) Blasco de la Cruz,L (2023)-Martin Fuentes,A (2320) Linares 2013}) 7... g6 8. Qc4 {The position is equal.} Qxc4 9. Bxc4 Bg7 10. Nge2 O-O 11. O-O Rc8 12. Bb3 Nc6 13. Bg5 h6 14. Bxf6 Bxf6 15. Rfd1 Kf8 16. Nd4 Na5 17. Nd5 Bg7 18. c3 Nc4 19. Bxc4 Rxc4 20. b3 ({Better is} 20. e4 $15) 20... Rc5 $17 21. c4 {[#]} b5 $1 {[%cal Bb7b5,Bb5c4][%mdl 32]} 22. Rac1 {[#]} bxc4 $1 23. e4 $2 (23. bxc4 Rac8 24. Ne2) 23... Bxd4 {Precision: White = 38%, Black = 86%.} 0-1

[Event "Elite Hotels Open 2019"]
[Site "Vaxjo"]
[Date "2019.02.10"]
[Round "7.10"]
[White "Hector, Jonny"]
[Black "Dehlin, Gabriel"]
[Result "1-0"]
[WhiteElo "2488"]
[BlackElo "2090"]
[Annotator "ChessBase"]
[PlyCount "69"]
[EventDate "2019.02.08"]
[EventType "swiss"]
[EventCountry "SWE"]
[SourceTitle "playchess.com"]
[Source "ChessBase"]
[SourceQuality "1"]
[TimeControl "5400+30"]

1. e4 {[%emt 0:00:00]} c6 {[%emt 0:04:51]} 2. d4 {[%emt 0:00:00]} d5 {[%emt 0:00:31]} 3. e5 {[%emt 0:00:00]} Bf5 {[%emt 0:01:26]} 4. h4 {[%emt 0:00:02]} h6 {[%emt 0:01:06]} 5. g4 {[%emt 0:00:53]} Be4 {[%emt 0:04:32]} 6. f3 {[%emt 0:00:26]} Bh7 {[%emt 0:00:47]} 7. e6 {[%emt 0:00:18]} Nf6 {[%emt 0:08:41]} 8. Nh3 {[%emt 0:10:32]} Qd6 {[%emt 0:00:58]} 9. exf7+ {[%emt 0:05:15]} Kxf7 {[%emt 0:03:18]} 10. Qe2 {[%emt 0:05:59]} Qe6 {[%emt 0:12:11]} 11. Qxe6+ {[%emt 0:03:46]} Kxe6 {[%emt 0:00:04]} 12. Nf4+ {[%emt 0:00:33]} Kd6 {[%emt 0:06:15]} 13. g5 {[%emt 0:00:48]} Ne8 {[%emt 0:01:25]} 14. Bh3 {[%emt 0:05:11]} Nc7 {[%emt 0:03:23]} 15. g6 {[%emt 0:03:01]} Bg8 {[%emt 0:00:31]} 16. Nd3 {[%emt 0:04:53]} Ne6 {[%emt 0:03:30]} 17. c3 {[%emt 0:06:49]} c5 {[%emt 0:14:15]} 18. Kf2 {[%emt 0:08:38]} c4 {[%emt 0:06:06]} 19. Ne5 {[%emt 0:01:13]} Nc6 {[%emt 0:02:44]} 20. f4 {[%emt 0:03:07]} Ned8 {[%emt 0:05:21]} 21. b3 {[%emt 0:04:51]} b5 {[%emt 0:02:18]} 22. Re1 {[%emt 0:00:54]} a5 {[%emt 0:04:56]} 23. Na3 {[%emt 0:08:18]} Na7 {[%emt 0:00:22]} 24. bxc4 {[%emt 0:00:54]} dxc4 {[%emt 0:00:45]} 25. Rb1 {[%emt 0:00:50]} Bd5 {[%emt 0:01:58]} 26. Rxb5 {[%emt 0:00:26]} e6 {[%emt 0:02:02]} 27. Naxc4+ {[%emt 0:01:50]} Kc7 {[%emt 0:01:24]} 28. Rxa5 {[%emt 0:01:51]} Be7 {[%emt 0:01:03]} 29. Kg3 {[%emt 0:00:28]} Nb7 {[%emt 0:00:23]} 30. Rxd5 {[%emt 0:01:42]} exd5 {[%emt 0:00:21]} 31. Ne3 {[%emt 0:00:11]} Bf6 {[%emt 0:04:20]} 32. Nxd5+ {[%emt 0:00:29]} Kd6 {[%emt 0:00:36]} 33. Ba3+ {[%emt 0:02:04]} Kxd5 {[%emt 0:00:11]} 34. Bg2+ {[%emt 0:00:08]} Ke6 {[%emt 0:00:38]} 35. d5+ {[%emt 0:00:08] Kxd5} 1-0